<?xml version="1.0" encoding="UTF-8"?><?xml-stylesheet type="text/xsl" href="static/style.xsl"?><OAI-PMH xmlns="http://www.openarchives.org/OAI/2.0/" xmlns:xsi="http://www.w3.org/2001/XMLSchema-instance" xsi:schemaLocation="http://www.openarchives.org/OAI/2.0/ http://www.openarchives.org/OAI/2.0/OAI-PMH.xsd"><responseDate>2026-04-13T07:03:36Z</responseDate><request verb="GetRecord" identifier="oai:www.recercat.cat:2072/479838" metadataPrefix="marc">https://recercat.cat/oai/request</request><GetRecord><record><header><identifier>oai:recercat.cat:2072/479838</identifier><datestamp>2025-09-17T08:00:27Z</datestamp><setSpec>com_2072_98</setSpec><setSpec>col_2072_378192</setSpec></header><metadata><record xmlns="http://www.loc.gov/MARC21/slim" xmlns:dcterms="http://purl.org/dc/terms/" xmlns:xsi="http://www.w3.org/2001/XMLSchema-instance" xmlns:doc="http://www.lyncode.com/xoai" xsi:schemaLocation="http://www.loc.gov/MARC21/slim http://www.loc.gov/standards/marcxml/schema/MARC21slim.xsd">
   <leader>00925njm 22002777a 4500</leader>
   <datafield ind2=" " ind1=" " tag="042">
      <subfield code="a">dc</subfield>
   </datafield>
   <datafield ind2=" " ind1=" " tag="720">
      <subfield code="a">Selva, Anna</subfield>
      <subfield code="e">author</subfield>
   </datafield>
   <datafield ind2=" " ind1=" " tag="720">
      <subfield code="a">Martín Zurro, Amando</subfield>
      <subfield code="e">author</subfield>
   </datafield>
   <datafield ind2=" " ind1=" " tag="720">
      <subfield code="a">Jiménez Villa, Josep</subfield>
      <subfield code="e">author</subfield>
   </datafield>
   <datafield ind2=" " ind1=" " tag="720">
      <subfield code="a">Monreal Hijar, Antonio</subfield>
      <subfield code="e">author</subfield>
   </datafield>
   <datafield ind2=" " ind1=" " tag="720">
      <subfield code="a">Mundet-Tudurí, Xavier</subfield>
      <subfield code="e">author</subfield>
   </datafield>
   <datafield ind2=" " ind1=" " tag="720">
      <subfield code="a">Otero Puime, Ángel</subfield>
      <subfield code="e">author</subfield>
   </datafield>
   <datafield ind2=" " ind1=" " tag="720">
      <subfield code="a">Mas Dalmau, Gemma</subfield>
      <subfield code="e">author</subfield>
   </datafield>
   <datafield ind2=" " ind1=" " tag="720">
      <subfield code="a">Alonso-Coello, Pablo</subfield>
      <subfield code="e">author</subfield>
   </datafield>
   <datafield ind2=" " ind1=" " tag="260">
      <subfield code="c">2012</subfield>
   </datafield>
   <datafield ind2=" " ind1=" " tag="520">
      <subfield code="a">Background: During the last decade medical students from most Western countries have shown little interest in family practice. Understanding the factors that influence medical students to choose family medicine is crucial. Objective. To systematically review and synthesize published evidence about medical students' attitudes and perceptions towards family practice. Methods. A qualitative systematic review. The literature search was undertaken in July 2010 in PubMed, EMBASE, Cumulative Index to Nursing and Allied Health Literature (CINAHL), Social Science Citation Index (SSCI), and ProQuest Dissertations &amp; Theses. Two authors independently selected the studies for their inclusion and assessed their quality. The selected studies were thoroughly read. Key themes and categories were identified. A matrix was created for allowing the comparison of each theme across studies. Results: Ten studies were finally included. Seven broad themes were identified across them: 1) Scope and context of practice was a broad theme comprising linked sub-themes: perception of a varied specialty, broad practice, holistic perspective and flexibility that allows having a family; 2) Lower interest or intellectually less challenging: treating common disease, repetitive, quasi administrative job; 3) Influence of role models, either positive and negative, and society: negative comments from other professionals, peers and family; 4) Lower prestige; 5) Poor remuneration; 6) Medical school influences, being important both the length and quality of the exposure; 7) Post graduate training, where the shorter duration and the lower intensity were perceived as positive aspects. After identifying these seven key themes, were also looked into patterns in the distribution of these themes among studies. Conclusions: Our qualitative review provides a comprehensive picture of medical students' attitudes towards family practice in the available literature. In general, although some students find family medicine appealing, it is regarded as a career of low interest and prestige. More research is needed on the influence of role models, medical school and post graduate training. © 2012 Selva Olid et al.; licensee BioMed Central Ltd.</subfield>
   </datafield>
   <datafield tag="653" ind2=" " ind1=" ">
      <subfield code="a">Attitudes</subfield>
   </datafield>
   <datafield tag="653" ind2=" " ind1=" ">
      <subfield code="a">Family practice</subfield>
   </datafield>
   <datafield tag="653" ind2=" " ind1=" ">
      <subfield code="a">Perceptions</subfield>
   </datafield>
   <datafield tag="653" ind2=" " ind1=" ">
      <subfield code="a">Qualitative research</subfield>
   </datafield>
   <datafield tag="653" ind2=" " ind1=" ">
      <subfield code="a">Review</subfield>
   </datafield>
   <datafield tag="653" ind2=" " ind1=" ">
      <subfield code="a">Students, Medical</subfield>
   </datafield>
   <datafield ind2="0" ind1="0" tag="245">
      <subfield code="a">Medical students' perceptions and attitudes about family practice : A qualitative research synthesis</subfield>
   </datafield>
</record></metadata></record></GetRecord></OAI-PMH>